[Event "24th Barcelona Open-A 2019"]
[Site "Barcelona"]
[Date "2019.10.03"]
[Round "7.15"]
[White "Setyaki, Azarya Jodi"]
[Black "Perez Mitjans, Orelvis"]
[Result "0-1"]
[WhiteElo "2398"]
[BlackElo "2409"]
[Annotator "TA"]
[PlyCount "42"]
[EventDate "2019.09.27"]
[EventType "swiss"]
[EventCountry "ESP"]
[SourceTitle "playchess.com"]
[Source "ChessBase"]
[SourceQuality "1"]

{[%evp 17,54,0,3,-35,-20,-35,-23,-35,-27,-41,-49,-93,-78,-71,-54,-74,-103,-143,-159,-141,-149,-149,-112,-177,-155,-254,-160,-168,-147,-147,-147,-147,-143,-261,-291,-285,-207,-345,-352]} 1. e4 e6 2. d4 d5 3. Nc3 Bb4 4. e5 c5 5. a3 Bxc3+ 6. bxc3 Qc7 7. Qg4 Ne7 8. Bd3 c4 9. Be2 O-O 10. Nh3 {C18: French: 3 Nc3 Bb4: Main line: 7 h4 and 7 Qg4} (10. h4 Nbc6 11. h5 f6 12. h6 g6 13. exf6 e5 14. Qg5 Nf5 15. Nf3 e4 16. Nh2 Nd8 17. Qf4 Qa5 {½-½ (32) Baklan,V (2622)-Korobov,A (2543) Poltava 2006}) 10... f6 11. f4 Qa5 12. Bd2 $1 {Black has an edge.} Nbc6 13. Ng1 Qa4 $146 ({Predecessor:} 13... Nf5 14. Qh3 Qb6 15. g4 Nfe7 16. Bc1 Ng6 17. Qg3 fxe5 18. fxe5 Nxd4 19. cxd4 Qxd4 {0-1 (48) Mehmedovic,M (2262)-Glavas,D (2221) Jahorina 2003}) 14. Bd1 Qb5 $1 15. Bc1 {[#]} Qa5 $1 {[%cal Ra5c3]} 16. Bd2 $1 Qb6 17. Bc1 fxe5 18. fxe5 {[#]} Nxe5 $1 {[%mdl 512]} 19. Qe2 (19. dxe5 Qf2#) 19... Nd7 20. Nh3 {[#]} (20. Nf3 $17) 20... e5 $1 {[%mdl 512]} 21. dxe5 {[#]} (21. Nf2 $17 {is a better defense.}) 21... Rf5 {Played: Nd7xe5} 0-1

[Event "24th Barcelona Open-A 2019"]
[Site "Barcelona"]
[Date "2019.10.03"]
[Round "7.16"]
[White "Duran Vega, Sergio"]
[Black "Gomez Anadon, Daniel"]
[Result "1/2-1/2"]
[WhiteElo "2387"]
[BlackElo "2245"]
[Annotator "NA"]
[PlyCount "47"]
[EventDate "2019.09.27"]
[EventType "swiss"]
[EventCountry "ESP"]
[SourceTitle "playchess.com"]
[Source "ChessBase"]
[SourceQuality "1"]
[TimeControl "5400+30"]

1. d4 d5 2. c4 e6 3. Nf3 Nf6 4. g3 dxc4 5. Bg2 a6 6. O-O Nc6 7. e3 Rb8 8. Nfd2 Qd7 9. Nxc4 b5 10. Ncd2 Be7 11. Nc3 O-O 12. Nde4 Nxe4 13. Nxe4 Rd8 14. Qh5 Bb7 15. Bd2 f5 16. Ng5 Bxg5 17. Qxg5 Ne7 18. Bb4 Bxg2 19. Bxe7 Bxf1 20. Bxd8 Be2 21. Re1 Bf3 22. Qf4 Ba8 23. Bxc7 Rc8 24. Rc1 1/2-1/2

[Event "24th Barcelona Open-A 2019"]
[Site "Barcelona"]
[Date "2019.10.03"]
[Round "7.17"]
[White "Oliver Martinez-Fornes, Carlos"]
[Black "Cuhendi, Sean Winshand"]
[Result "0-1"]
[WhiteElo "2063"]
[BlackElo "2425"]
[Annotator "NA"]
[PlyCount "90"]
[EventDate "2019.09.27"]
[EventType "swiss"]
[EventCountry "ESP"]
[SourceTitle "playchess.com"]
[Source "ChessBase"]
[SourceQuality "1"]
[TimeControl "5400+30"]

1. d4 {[%emt 0:00:00]} d5 {[%emt 0:00:07]} 2. c4 {[%emt 0:00:00]} Nc6 {[%emt 0:00:32]} 3. Nf3 {[%emt 0:02:44]} Bg4 {[%emt 0:01:53]} 4. Nc3 {[%emt 0:03:56]} e6 {[%emt 0:01:46]} 5. e3 {[%emt 0:04:26]} Nf6 {[%emt 0:02:06]} 6. h3 {[%emt 0:01:18]} Bh5 7. a3 dxc4 {[%emt 0:07:17]} 8. Bxc4 {[%emt 0:14:13]} Bd6 {[%emt 0:00:39]} 9. Be2 O-O 10. O-O {[%emt 0:11:50]} a6 {[%emt 0:09:40]} 11. e4 Bxf3 {[%emt 0:00:26]} 12. Bxf3 {[%emt 0:09:49]} Nxd4 {[%emt 0:02:28]} 13. Be3 {[%emt 0:02:13]} Nxf3+ {[%emt 0:02:15]} 14. Qxf3 {[%emt 0:00:10]} Qe7 15. Rac1 {[%emt 0:03:18]} Be5 {[%emt 0:03:19]} 16. b4 {[%emt 0:05:11]} Rfd8 {[%emt 0:01:39]} 17. Bf4 Bxf4 {[%emt 0:06:09]} 18. Qxf4 {[%emt 0:09:50]} e5 {[%emt 0:00:57]} 19. Qe3 {[%emt 0:00:39]} Rd4 20. f3 Rad8 {[%emt 0:03:11]} 21. Rc2 {[%emt 0:11:17]} c6 {[%emt 0:02:01]} 22. Na4 {[%emt 0:04:53]} Nh5 23. Kh2 {[%emt 0:05:03]} Rd3 {[%emt 0:06:16]} 24. Qc1 {[%emt 0:02:37]} Nf4 25. g3 {[%emt 0:02:48]} Ne6 {[%emt 0:05:09]} 26. Nc5 {[%emt 0:01:41]} Nxc5 {[%emt 0:01:00]} 27. bxc5 {[%emt 0:00:02]} h6 {[%emt 0:00:08]} 28. Rff2 {[%emt 0:00:50]} R8d7 {[%emt 0:02:15]} 29. Kg2 {[%emt 0:00:59]} Qd8 30. Qb2 {[%emt 0:00:55]} R3d4 {[%emt 0:00:44]} 31. h4 {[%emt 0:00:37]} Qa5 {[%emt 0:00:24]} 32. Rfe2 Qb5 {[%emt 0:03:19]} 33. Qa2 {[%emt 0:02:03]} Rd3 {[%emt 0:01:52]} 34. Qa1 {[%emt 0:00:31]} R7d4 {[%emt 0:01:41]} 35. Qa2 {[%emt 0:02:35]} Qa4 {[%emt 0:01:09]} 36. Rcd2 {[%emt 0:00:59]} Rxa3 {[%emt 0:00:55]} 37. Rxd4 {[%emt 0:00:24]} Rxa2 {[%emt 0:00:40]} 38. Rxa4 {[%emt 0:00:02]} Rxe2+ {[%emt 0:00:19]} 39. Kh3 {[%emt 0:00:09]} Rb2 {[%emt 0:03:29]} 40. Kg4 {[%emt 0:00:12]} Rb3 {[%emt 0:00:19]} 41. h5 {[%emt 0:00:56]} Kf8 {[%emt 0:00:03]} 42. f4 {[%emt 0:00:18]} Rb5 {[%emt 0:00:18]} 43. Rc4 {[%emt 0:00:16]} Ke7 {[%emt 0:00:34]} 44. Kf5 {[%emt 0:00:26]} exf4 {[%emt 0:00:05]} 45. gxf4 {[%emt 0:00:07]} b6 {[%emt 0:00:03]} 0-1

[Event "24th Barcelona Open-A 2019"]
[Site "Barcelona"]
[Date "2019.10.03"]
[Round "7.18"]
[White "Valenzuela Gomez, Fernando"]
[Black "Rahman, Masruri"]
[Result "1/2-1/2"]
[WhiteElo "2366"]
[BlackElo "2271"]
[Annotator "NA"]
[PlyCount "125"]
[EventDate "2019.09.27"]
[EventType "swiss"]
[EventCountry "ESP"]
[SourceTitle "playchess.com"]
[Source "ChessBase"]
[SourceQuality "1"]
[TimeControl "5400+30"]

1. Nf3 {[%emt 0:06:27]} d5 {[%emt 0:00:21]} 2. d4 {[%emt 0:00:34]} Nf6 {[%emt 0:00:24]} 3. c4 {[%emt 0:00:13]} dxc4 {[%emt 0:00:44]} 4. e3 {[%emt 0:00:18]} e6 {[%emt 0:00:13]} 5. Bxc4 {[%emt 0:00:15]} a6 {[%emt 0:00:06]} 6. O-O {[%emt 0:01:10]} c5 {[%emt 0:00:27]} 7. Nc3 {[%emt 0:00:38]} b5 {[%emt 0:00:30]} 8. Bb3 {[%emt 0:00:37]} Bb7 {[%emt 0:00:40]} 9. e4 {[%emt 0:01:02]} cxd4 {[%emt 0:07:02]} 10. Nxd4 {[%emt 0:01:06]} Nc6 {[%emt 0:00:20]} 11. Nxc6 {[%emt 0:00:16]} Qxd1 {[%emt 0:01:50]} 12. Rxd1 {[%emt 0:00:18]} Bxc6 {[%emt 0:00:05]} 13. f3 {[%emt 0:00:00]} Bc5+ {[%emt 0:01:53]} 14. Kf1 b4 15. Ba4 {[%emt 0:29:47]} Rc8 {[%emt 0:11:43]} 16. Bxc6+ {[%emt 0:00:11]} Rxc6 {[%emt 0:00:05]} 17. Na4 O-O {[%emt 0:09:04]} 18. Nxc5 {[%emt 0:04:57]} Rxc5 {[%emt 0:00:15]} 19. Bd2 {[%emt 0:00:18]} a5 {[%emt 0:03:28]} 20. Rac1 {[%emt 0:00:44]} Rxc1 {[%emt 0:02:11]} 21. Rxc1 {[%emt 0:00:25]} Ra8 {[%emt 0:00:16]} 22. Rc7 {[%emt 0:10:33]} Kf8 23. a3 bxa3 {[%emt 0:21:38]} 24. bxa3 {[%emt 0:05:47]} Ne8 {[%emt 0:09:38]} 25. Rc5 {[%emt 0:00:27]} a4 {[%emt 0:00:47]} 26. Bb4 {[%emt 0:00:52]} Kg8 {[%emt 0:00:34]} 27. Ra5 {[%emt 0:02:49]} Rxa5 {[%emt 0:05:47]} 28. Bxa5 {[%emt 0:00:17]} f5 {[%emt 0:00:08]} 29. e5 {[%emt 0:02:27]} f4 {[%emt 0:00:31]} 30. Ke2 {[%emt 0:03:57]} Kf7 {[%emt 0:00:18]} 31. Kd3 {[%emt 0:01:00]} g5 32. Kc4 {[%emt 0:07:33]} Kg6 {[%emt 0:00:16]} 33. Kb5 {[%emt 0:01:00]} Kf5 {[%emt 0:00:36]} 34. Bc3 h5 {[%emt 0:00:00]} 35. Kxa4 {[%emt 0:01:45]} g4 36. Kb3 {[%emt 0:04:10]} gxf3 {[%emt 0:02:01]} 37. gxf3 {[%emt 0:00:04]} Kg5 {[%emt 0:00:04]} 38. a4 {[%emt 0:01:03]} Kh4 {[%emt 0:00:07]} 39. Bd2 {[%emt 0:08:10]} Kh3 {[%emt 0:00:06]} 40. Bxf4 {[%emt 0:00:24]} Kg2 {[%emt 0:00:04]} 41. h4 {[%emt 0:02:44]} Kxf3 {[%emt 0:00:07]} 42. Bg5 {[%emt 0:00:21]} Ke4 {[%emt 0:00:15]} 43. Bf6 {[%emt 0:01:23]} Kd5 {[%emt 0:00:04]} 44. Kb4 {[%emt 0:00:32]} Kc6 {[%emt 0:00:54]} 45. Kc4 {[%emt 0:01:02]} Nc7 {[%emt 0:00:10]} 46. a5 {[%emt 0:00:49]} Nd5 {[%emt 0:02:24]} 47. Bg5 {[%emt 0:00:18]} Nc7 {[%emt 0:00:06]} 48. Bd8 {[%emt 0:00:36]} Nd5 {[%emt 0:00:05]} 49. a6 {[%emt 0:00:59]} Nf4 {[%emt 0:02:19]} 50. Kd4 {[%emt 0:00:23]} Ng6 {[%emt 0:00:11]} 51. Ke4 {[%emt 0:00:34]} Nh8 {[%emt 0:00:07]} 52. Ba5 {[%emt 0:01:44]} Ng6 {[%emt 0:00:14]} 53. Bd8 {[%emt 0:00:06]} Nh8 {[%emt 0:00:05]} 54. Kd4 {[%emt 0:01:33]} Nf7 {[%emt 0:01:27]} 55. Ba5 {[%emt 0:00:19]} Nh8 {[%emt 0:00:30]} 56. Bd8 {[%emt 0:01:15]} Nf7 {[%emt 0:00:06]} 57. a7 {[%emt 0:01:02]} Kb7 {[%emt 0:00:05]} 58. Bb6 {[%emt 0:00:20]} Nh8 {[%emt 0:01:08]} 59. Ke4 {[%emt 0:00:23]} Ng6 {[%emt 0:00:27]} 60. Bf2 {[%emt 0:00:07]} Ka8 {[%emt 0:00:05]} 61. Bd4 {[%emt 0:01:43]} Nxh4 62. Kf4 {[%emt 0:00:25]} Ng6+ {[%emt 0:00:49]} 63. Kg5 {[%emt 0:00:39]} 1/2-1/2

[Event "24th Barcelona Open-A 2019"]
[Site "Barcelona"]
[Date "2019.10.03"]
[Round "7.19"]
[White "Palacin Martin, Ricardo"]
[Black "Garcia Ruiz, Adrian"]
[Result "1/2-1/2"]
[WhiteElo "1985"]
[BlackElo "1955"]
[Annotator "NA"]
[PlyCount "85"]
[EventDate "2019.09.27"]
[EventType "swiss"]
[EventCountry "ESP"]
[SourceTitle "playchess.com"]
[Source "ChessBase"]
[SourceQuality "1"]
[TimeControl "5400+30"]

1. d4 {[%emt 0:00:00]} Nf6 {[%emt 0:14:32]} 2. c4 {[%emt 0:00:00]} e6 {[%emt 0:00:02]} 3. Nc3 {[%emt 0:00:07]} d5 {[%emt 0:00:46]} 4. Nf3 {[%emt 0:00:53]} dxc4 {[%emt 0:00:02]} 5. e3 {[%emt 0:01:38]} a6 {[%emt 0:05:18]} 6. a4 {[%emt 0:03:51]} Bb4 {[%emt 0:00:01]} 7. Bd2 O-O 8. Bxc4 {[%emt 0:01:20]} c5 {[%emt 0:00:40]} 9. O-O {[%emt 0:03:41]} Nc6 {[%emt 0:03:15]} 10. dxc5 {[%emt 0:00:49]} Bxc5 {[%emt 0:01:54]} 11. Qe2 {[%emt 0:01:06]} b6 {[%emt 0:01:10]} 12. Rfd1 {[%emt 0:01:30]} Qe7 13. e4 {[%emt 0:00:45]} Ng4 {[%emt 0:06:49]} 14. Be1 {[%emt 0:13:54]} Bb7 {[%emt 0:04:55]} 15. Rac1 {[%emt 0:05:19]} Rfd8 16. Ba2 {[%emt 0:01:49]} Rxd1 {[%emt 0:03:01]} 17. Nxd1 {[%emt 0:04:41]} Qd6 {[%emt 0:10:04]} 18. Bc3 Rd8 {[%emt 0:03:06]} 19. h3 {[%emt 0:05:02]} Nge5 {[%emt 0:01:32]} 20. Bb1 {[%emt 0:01:43]} Nxf3+ 21. Qxf3 {[%emt 0:04:13]} Nd4 {[%emt 0:01:47]} 22. Bxd4 {[%emt 0:00:37]} Qxd4 {[%emt 0:02:51]} 23. Nc3 {[%emt 0:05:25]} Qe5 {[%emt 0:04:38]} 24. Rd1 Bd6 25. g3 {[%emt 0:02:53]} Rc8 {[%emt 0:05:18]} 26. Qe2 {[%emt 0:07:01]} Bc5 {[%emt 0:08:19]} 27. Kh2 {[%emt 0:11:52]} Bb4 {[%emt 0:03:30]} 28. Qd2 {[%emt 0:10:20]} g6 {[%emt 0:01:11]} 29. Rc1 h5 30. Qf4 {[%emt 0:01:36]} Qxf4 {[%emt 0:02:05]} 31. gxf4 Rc4 32. Ne2 {[%emt 0:00:54]} Rxc1 {[%emt 0:03:59]} 33. Nxc1 {[%emt 0:00:05]} Bd2 {[%emt 0:00:01]} 34. Ne2 {[%emt 0:00:07]} Bc6 {[%emt 0:00:34]} 35. Bd3 {[%emt 0:00:13]} Bxa4 {[%emt 0:02:39]} 36. Bxa6 f5 37. exf5 {[%emt 0:01:47]} exf5 {[%emt 0:02:38]} 38. Kg3 {[%emt 0:00:11]} Kg7 {[%emt 0:00:26]} 39. Bc4 {[%emt 0:00:36]} Bc6 {[%emt 0:00:52]} 40. h4 {[%emt 0:00:41]} Bb4 {[%emt 0:01:09]} 41. Nd4 {[%emt 0:00:45]} Be4 {[%emt 0:00:26]} 42. Be2 {[%emt 0:00:16]} Kf6 {[%emt 0:03:01]} 43. Bc4 1/2-1/2

[Event "24th Barcelona Open-A 2019"]
[Site "Barcelona"]
[Date "2019.10.03"]
[Round "7.20"]
[White "Vargas Drechsler, Carlos"]
[Black "Denisov, Denis A."]
[Result "1-0"]
[WhiteElo "1878"]
[BlackElo "2208"]
[Annotator "NA"]
[PlyCount "85"]
[EventDate "2019.09.27"]
[EventType "swiss"]
[EventCountry "ESP"]
[SourceTitle "playchess.com"]
[Source "ChessBase"]
[SourceQuality "1"]
[TimeControl "5400+30"]

1. e4 e5 2. Nf3 Nc6 3. Bb5 Nf6 4. d3 Bc5 5. Bxc6 dxc6 6. h3 O-O 7. Bg5 Qd6 8. Nbd2 Nd7 9. O-O Re8 10. Bh4 Qg6 11. Kh2 f6 12. g4 Qf7 13. Bg3 Nf8 14. c3 Ne6 15. b4 Bf8 16. Nc4 Rd8 17. Ncxe5 fxe5 18. Nxe5 Qe8 19. f4 Bd6 20. Nc4 g5 21. Nxd6 cxd6 22. f5 Nf8 23. Qb3+ Qf7 24. Qxf7+ Kxf7 25. d4 a5 26. a3 b6 27. e5 dxe5 28. dxe5 Rd2+ 29. Rf2 Rxf2+ 30. Bxf2 axb4 31. cxb4 b5 32. Bd4 Bd7 33. Bb2 Ke7 34. Rd1 Be8 35. Rd6 Ra7 36. Bc1 Bd7 37. Bxg5+ Kf7 38. Rf6+ Kg8 39. Bh6 Ng6 40. fxg6 hxg6 41. g5 Bf5 42. e6 Ra8 43. e7 1-0

[Event "24th Barcelona Open-A 2019"]
[Site "Barcelona"]
[Date "2019.10.04"]
[Round "8.1"]
[White "Perunovic, Milos"]
[Black "Donchenko, Alexander"]
[Result "1/2-1/2"]
[WhiteElo "2569"]
[BlackElo "2631"]
[Annotator "ChessBase"]
[PlyCount "57"]
[EventDate "2019.09.27"]
[EventType "swiss"]
[EventCountry "ESP"]
[SourceTitle "playchess.com"]
[Source "ChessBase"]
[SourceQuality "1"]
[TimeControl "5400+30"]

1. e4 {[%emt 0:01:27]} c6 {[%emt 0:00:00]} 2. d4 {[%emt 0:00:21]} d5 {[%emt 0:00:00]} 3. e5 {[%emt 0:00:23]} Bf5 {[%emt 0:00:07]} 4. h4 {[%emt 0:00:32]} h5 {[%emt 0:00:24]} 5. c4 {[%emt 0:00:40]} e6 {[%emt 0:00:20]} 6. Nc3 {[%emt 0:00:18]} Ne7 {[%emt 0:00:22]} 7. Nge2 {[%emt 0:02:07]} Nd7 {[%emt 0:00:33]} 8. Ng3 {[%emt 0:00:40]} Bg6 {[%emt 0:00:15]} 9. Bg5 {[%emt 0:07:15]} Qb6 {[%emt 0:00:29]} 10. Rc1 {[%emt 0:00:26]} Qxb2 {[%emt 0:00:17]} 11. Bd3 {[%emt 0:01:01]} Bxd3 {[%emt 0:00:13]} 12. Qxd3 {[%emt 0:00:07]} dxc4 {[%emt 0:00:05]} 13. Qxc4 {[%emt 0:00:22]} Nb6 {[%emt 0:00:08]} 14. Qd3 {[%emt 0:00:14]} Ned5 {[%emt 0:00:14]} 15. O-O {[%emt 0:09:02]} Qa3 {[%emt 0:00:59]} 16. Rfd1 {[%emt 0:18:17]} Nxc3 {[%emt 0:00:30]} 17. Rxc3 {[%emt 0:01:42]} Qxa2 {[%emt 0:00:20]} 18. Rb3 {[%emt 0:08:48]} Qa6 {[%emt 0:00:37]} 19. Qxa6 {[%emt 0:17:37]} bxa6 {[%emt 0:00:15]} 20. Ra1 {[%emt 0:00:20]} Nd5 {[%emt 0:39:17]} 21. Rb7 {[%emt 0:08:14]} c5 {[%emt 0:08:06]} 22. dxc5 {[%emt 0:09:15]} Bxc5 {[%emt 0:00:34]} 23. Ne4 {[%emt 0:00:18]} Bb4 {[%emt 0:00:55]} 24. Nd6+ {[%emt 0:03:30]} Bxd6 {[%emt 0:00:45]} 25. exd6 {[%emt 0:00:06]} O-O {[%emt 0:05:23]} 26. Rxa6 {[%emt 0:00:43]} Nf6 {[%emt 0:06:25]} 27. Raxa7 {[%emt 0:01:50]} Rxa7 {[%emt 0:00:49]} 28. Rxa7 {[%emt 0:00:05]} Rd8 {[%emt 0:00:11]} 29. Ra5 {[%emt 0:04:36]} 1/2-1/2

[Event "24th Barcelona Open-A 2019"]
[Site "Barcelona"]
[Date "2019.10.04"]
[Round "8.2"]
[White "Svane, Rasmus"]
[Black "Gharamian, Tigran"]
[Result "1/2-1/2"]
[WhiteElo "2592"]
[BlackElo "2590"]
[Annotator "ChessBase"]
[PlyCount "34"]
[EventDate "2019.09.27"]
[EventType "swiss"]
[EventCountry "ESP"]
[SourceTitle "playchess.com"]
[Source "ChessBase"]
[SourceQuality "1"]
[TimeControl "5400+30"]

1. c4 {[%emt 0:00:00]} e6 {[%emt 0:00:00]} 2. Nc3 {[%emt 0:00:00]} d5 {[%emt 0:00:00]} 3. d4 Nf6 {[%emt 0:00:16]} 4. cxd5 {[%emt 0:00:00]} exd5 {[%emt 0:00:08]} 5. Bg5 {[%emt 0:00:01]} Be7 {[%emt 0:01:47]} 6. e3 {[%emt 0:00:13]} c6 {[%emt 0:00:32]} 7. Qc2 {[%emt 0:03:44]} Nbd7 {[%emt 0:12:19]} 8. Bd3 {[%emt 0:01:19]} Nh5 {[%emt 0:03:00]} 9. Bxe7 {[%emt 0:00:07]} Qxe7 {[%emt 0:00:03]} 10. O-O-O {[%emt 0:01:25]} Nb6 {[%emt 0:06:31]} 11. Kb1 {[%emt 0:00:14]} g6 {[%emt 0:03:12]} 12. h3 {[%emt 0:11:50]} Be6 {[%emt 0:01:05]} 13. Nge2 {[%emt 0:16:20]} Ng7 {[%emt 0:06:36]} 14. f3 {[%emt 0:19:35]} Nf5 {[%emt 0:07:51]} 15. Qc1 {[%emt 0:01:20]} O-O-O {[%emt 0:01:57]} 16. Nf4 {[%emt 0:02:33]} Kb8 {[%emt 0:02:04]} 17. g4 {[%emt 0:11:21]} Nh4 {[%emt 0:10:33]} 1/2-1/2

[Event "24th Barcelona Open-A 2019"]
[Site "Barcelona"]
[Date "2019.10.04"]
[Round "8.3"]
[White "Kamsky, Gata"]
[Black "Del Rio De Angelis, Salvador G."]
[Result "1-0"]
[WhiteElo "2685"]
[BlackElo "2488"]
[Annotator "ChessBase"]
[PlyCount "87"]
[EventDate "2019.09.27"]
[EventType "swiss"]
[EventCountry "ESP"]
[SourceTitle "playchess.com"]
[Source "ChessBase"]
[SourceQuality "1"]
[TimeControl "5400+30"]

1. e4 {[%emt 0:00:39]} e6 {[%emt 0:00:09]} 2. Qe2 {[%emt 0:00:45]} c5 {[%emt 0:01:44]} 3. Nf3 {[%emt 0:00:19]} Nc6 {[%emt 0:00:42]} 4. g3 {[%emt 0:00:43]} d6 {[%emt 0:00:54]} 5. Bg2 {[%emt 0:00:08]} Nf6 {[%emt 0:00:06]} 6. O-O {[%emt 0:00:09]} Be7 {[%emt 0:00:06]} 7. c3 {[%emt 0:04:01]} O-O {[%emt 0:00:41]} 8. Rd1 {[%emt 0:03:39]} b6 {[%emt 0:12:04]} 9. d4 {[%emt 0:01:22]} cxd4 {[%emt 0:10:41]} 10. Nxd4 {[%emt 0:00:11]} Nxd4 {[%emt 0:03:14]} 11. cxd4 {[%emt 0:02:58]} a5 {[%emt 0:04:49]} 12. Nc3 {[%emt 0:05:21]} Ba6 {[%emt 0:00:09]} 13. Qe1 {[%emt 0:00:08]} Rc8 {[%emt 0:00:19]} 14. Bg5 {[%emt 0:02:47]} Nd7 {[%emt 0:03:13]} 15. Be3 {[%emt 0:00:23]} Qc7 {[%emt 0:07:44]} 16. a4 {[%emt 0:12:17]} Rfe8 {[%emt 0:03:23]} 17. Rac1 {[%emt 0:05:25]} Qb8 {[%emt 0:00:15]} 18. h3 {[%emt 0:06:40]} Bf8 {[%emt 0:04:42]} 19. Kh2 {[%emt 0:00:41]} Nf6 {[%emt 0:01:13]} 20. f3 {[%emt 0:09:01]} Nd7 {[%emt 0:03:41]} 21. Qf2 {[%emt 0:00:23]} Bc4 {[%emt 0:02:38]} 22. Bf1 {[%emt 0:01:57]} Qb7 {[%emt 0:03:18]} 23. Bxc4 {[%emt 0:04:27]} Rxc4 {[%emt 0:00:06]} 24. d5 {[%emt 0:00:03]} Rec8 {[%emt 0:02:46]} 25. dxe6 {[%emt 0:02:19]} fxe6 {[%emt 0:00:07]} 26. Rd4 {[%emt 0:05:14]} Rxd4 {[%emt 0:03:47]} 27. Bxd4 {[%emt 0:00:25]} Nc5 {[%emt 0:00:20]} 28. Rd1 {[%emt 0:02:35]} Qc6 {[%emt 0:03:25]} 29. Qc2 {[%emt 0:00:15]} Nd7 {[%emt 0:01:31]} 30. Qd3 {[%emt 0:06:08]} Qc4 {[%emt 0:01:02]} 31. Kg2 {[%emt 0:01:48]} Qb3 {[%emt 0:02:00]} 32. Rd2 {[%emt 0:01:27]} Rc4 {[%emt 0:02:34]} 33. f4 {[%emt 0:06:08]} Nc5 {[%emt 0:06:28]} 34. Bxc5 {[%emt 0:01:46]} bxc5 {[%emt 0:00:09]} 35. Rf2 {[%emt 0:00:46]} Rxa4 {[%emt 0:01:34]} 36. f5 {[%emt 0:00:49]} Rd4 {[%emt 0:10:27]} 37. Qf3 {[%emt 0:00:51]} e5 {[%emt 0:00:53]} 38. f6 {[%emt 0:01:03]} Qf7 {[%emt 0:01:33]} 39. Nd5 {[%emt 0:00:16]} gxf6 {[%emt 0:02:37]} 40. Nxf6+ {[%emt 0:00:37]} Kh8 {[%emt 0:00:06]} 41. Qg4 {[%emt 0:01:33]} Bh6 {[%emt 0:02:30]} 42. Qc8+ {[%emt 0:00:56]} Qf8 {[%emt 0:00:24]} 43. Qd7 {[%emt 0:00:22]} Qg7 {[%emt 0:00:34]} 44. Qe6 {[%emt 0:01:16]} 1-0

[Event "24th Barcelona Open-A 2019"]
[Site "Barcelona"]
[Date "2019.10.04"]
[Round "8.4"]
[White "Lagarde, Maxime"]
[Black "Semenov, Dmitri"]
[Result "1/2-1/2"]
[WhiteElo "2657"]
[BlackElo "2366"]
[Annotator "ChessBase"]
[PlyCount "100"]
[EventDate "2019.09.27"]
[EventType "swiss"]
[EventCountry "ESP"]
[SourceTitle "playchess.com"]
[Source "ChessBase"]
[SourceQuality "1"]
[TimeControl "5400+30"]

1. e4 {[%emt 0:00:00]} e5 2. Nf3 {[%emt 0:00:00]} Nc6 {[%emt 0:08:09]} 3. Nc3 Bc5 4. Nxe5 {[%emt 0:00:49]} Nxe5 {[%emt 0:01:20]} 5. d4 {[%emt 0:00:06]} Bd6 6. dxe5 {[%emt 0:02:10]} Bxe5 {[%emt 0:00:04]} 7. Bd3 {[%emt 0:01:41]} Ne7 {[%emt 0:02:00]} 8. Bg5 {[%emt 0:04:41]} c6 {[%emt 0:00:51]} 9. Qd2 {[%emt 0:01:05]} h6 {[%emt 0:03:53]} 10. Be3 {[%emt 0:07:46]} d5 {[%emt 0:06:49]} 11. O-O-O {[%emt 0:13:12]} Qa5 12. exd5 {[%emt 0:00:24]} Bxc3 {[%emt 0:05:05]} 13. Qxc3 Qxc3 {[%emt 0:00:15]} 14. bxc3 {[%emt 0:00:34]} Nxd5 {[%emt 0:00:32]} 15. Bc5 {[%emt 0:07:03]} Be6 {[%emt 0:02:04]} 16. Rhe1 {[%emt 0:09:39]} b6 {[%emt 0:11:31]} 17. Ba3 {[%emt 0:05:01]} O-O-O {[%emt 0:00:30]} 18. Bb2 {[%emt 0:07:27]} Kb7 {[%emt 0:18:49]} 19. c4 {[%emt 0:05:47]} Nb4 20. Bxg7 {[%emt 0:00:59]} Rhg8 {[%emt 0:01:11]} 21. Bf6 Nxd3+ {[%emt 0:11:39]} 22. cxd3 {[%emt 0:00:35]} Rde8 {[%emt 0:00:39]} 23. Bh4 {[%emt 0:04:03]} Bf5 {[%emt 0:10:16]} 24. Kd2 {[%emt 0:07:03]} c5 25. Re3 {[%emt 0:00:06]} Rxe3 {[%emt 0:03:04]} 26. Kxe3 {[%emt 0:03:49]} Re8+ {[%emt 0:00:42]} 27. Kf3 {[%emt 0:00:45]} a6 {[%emt 0:01:06]} 28. g4 Bg6 {[%emt 0:00:09]} 29. a4 {[%emt 0:02:23]} Kc6 {[%emt 0:00:55]} 30. Bg3 {[%emt 0:04:08]} h5 {[%emt 0:02:43]} 31. h3 {[%emt 0:03:04]} Re6 {[%emt 0:01:49]} 32. Kf4 {[%emt 0:02:38]} hxg4 {[%emt 0:01:31]} 33. Kxg4 {[%emt 0:03:19]} Re8 {[%emt 0:00:20]} 34. h4 {[%emt 0:00:47]} Rh8 {[%emt 0:00:37]} 35. Rd2 {[%emt 0:01:13]} Rg8 {[%emt 0:05:01]} 36. Kg5 {[%emt 0:02:07]} Rh8 {[%emt 0:00:21]} 37. Kf6 {[%emt 0:00:38]} Rd8 {[%emt 0:01:23]} 38. f4 {[%emt 0:00:27]} Rd6+ {[%emt 0:00:36]} 39. Kg5 Bxd3 {[%emt 0:00:02]} 40. f5 {[%emt 0:02:39]} f6+ {[%emt 0:00:55]} 41. Kh6 {[%emt 0:00:56]} Rd4 {[%emt 0:00:20]} 42. Bf2 {[%emt 0:00:48]} Rd7 {[%emt 0:02:00]} 43. h5 Bxf5 {[%emt 0:00:30]} 44. Rxd7 {[%emt 0:00:36]} Kxd7 {[%emt 0:00:02]} 45. Kg7 {[%emt 0:00:16]} Kc6 46. Kxf6 {[%emt 0:00:04]} Bd3 {[%emt 0:00:36]} 47. h6 {[%emt 0:00:27]} b5 {[%emt 0:00:00]} 48. axb5+ axb5 49. cxb5+ {[%emt 0:00:34]} Kxb5 {[%emt 0:00:27]} 50. Bxc5 {[%emt 0:00:03]} Kxc5 1/2-1/2

[Event "24th Barcelona Open-A 2019"]
[Site "Barcelona"]
[Date "2019.10.04"]
[Round "8.5"]
[White "Sosa, Tomas"]
[Black "Firman, Nazar"]
[Result "1-0"]
[WhiteElo "2524"]
[BlackElo "2495"]
[Annotator "ChessBase"]
[PlyCount "53"]
[EventDate "2019.09.27"]
[EventType "swiss"]
[EventCountry "ESP"]
[SourceTitle "playchess.com"]
[Source "ChessBase"]
[SourceQuality "1"]
[TimeControl "5400+30"]

1. e4 e6 2. d4 {[%emt 0:03:15]} d5 {[%emt 0:03:30]} 3. Nd2 {[%emt 0:00:44]} Nc6 {[%emt 0:00:34]} 4. Ngf3 Nf6 {[%emt 0:00:04]} 5. e5 {[%emt 0:00:38]} Nd7 {[%emt 0:07:36]} 6. Be2 {[%emt 0:01:38]} f6 {[%emt 0:00:30]} 7. exf6 {[%emt 0:00:59]} Qxf6 {[%emt 0:01:10]} 8. Nf1 {[%emt 0:00:32]} Bd6 {[%emt 0:10:18]} 9. Ne3 {[%emt 0:02:48]} Nb6 {[%emt 0:03:46]} 10. O-O {[%emt 0:16:58]} Bd7 {[%emt 0:01:58]} 11. Ng4 {[%emt 0:00:37]} Qf5 {[%emt 0:12:10]} 12. Nh4 {[%emt 0:04:13]} Qf8 {[%emt 0:17:32]} 13. Bg5 {[%emt 0:27:24]} Nc8 {[%emt 0:06:31]} 14. f4 {[%emt 0:07:25]} Nxd4 15. Ne5 {[%emt 0:00:05]} Nxe2+ {[%emt 0:13:39]} 16. Qxe2 {[%emt 0:00:36]} Ne7 {[%emt 0:04:18]} 17. f5 {[%emt 0:07:06]} exf5 {[%emt 0:03:00]} 18. Nxd7 {[%emt 0:00:29]} Kxd7 {[%emt 0:02:20]} 19. Rae1 {[%emt 0:02:28]} Re8 {[%emt 0:00:06]} 20. Qe6+ {[%emt 0:02:15]} Kc6 {[%emt 0:05:59]} 21. Nf3 {[%emt 0:05:03]} Kb6 {[%emt 0:04:07]} 22. Ne5 {[%emt 0:01:57]} Qg8 {[%emt 0:00:52]} 23. Nf7 {[%emt 0:07:35]} h6 {[%emt 0:00:20]} 24. Be3+ {[%emt 0:03:30]} Ka6 {[%emt 0:00:53]} 25. Rf4 {[%emt 0:00:28]} b5 26. a4 {[%emt 0:00:11]} b4 {[%emt 0:00:56]} 27. Qd7 {[%emt 0:00:06]} 1-0